000 00988cam a2200289 4500
001 L158546
008 000000n2015 000 0 eng u
020 _a9781848064188
035 _a(Sirsi) u158546
041 0 _aeng
050 _a690
100 1 _aReeves, B.
110 _aBuilding Research Establishment
245 _aBuilding damp-free cavity walls
260 _aWatford
_bBuilding Research Establishment
_c2015
300 _a6p. ; 30cm.
490 _aGood Building Guide
_vGG 33
520 _aGives guidance on how to ensure that new cavity walls do not suffer from dampness problems. It is aimed at architects and designers, engineers, site managers, house builders and masonry contractors, and replaces the guidance published in 1999.
650 _aCAVITY WALLS
650 _aRISING DAMP
650 _aWALL TIES
650 _aDAMPNESS
651 4 _aENGLAND AND WALES
690 _aBuilding materials and defects
700 1 _aScivyer, Chris
942 _n0
999 _c115372
_d115372